000 00327nam a22001337a 4500
008 170710b xxu||||| |||| 00| 0 eng d
020 _a9780713718997
041 _aeng
080 _a030
100 _a23
101 _aENC
245 _aTHE FLOWER ARRANGER'S ENCYCLOPEDIA OF PRESERVING AND DRYING
_cFOSTER,M
942 _2udc
_cBK
999 _c20117
_d20117